000 00651nam a2200205Ii 4500
003 JO-AjNU
008 230605s9999||||xx |||||||||||||| ||und||
017 _a2005/4/775
040 _aJO-AjNU
_bara
_erda
_cJO-AjNU
041 _aara
050 1 4 _aHD1415.A54.2005
100 3 _aالعاني، سوران وفيق,
_eauthor
_937540
245 0 0 _aعلم الاقتصاد الزراعي
264 3 1 _aعمان:دار اسامة للنشر والتوزيع،2005
300 _a200ص
336 _atext
_btxt
_2rdacontent
337 _aunmediated
_bn
_2rdamedia
338 _avolume
_bnc
_2rdacarrier
650 4 _aالاقتصاد الزراعي
_937541
999 _aA15694
_c19262
_d19262